| 000 | 00381nam a2200145Ia 4500 | ||
|---|---|---|---|
| 008 | 230312s9999||||xx |||||||||||||| ||und|| | ||
| 082 |
_a658 _bRob-m |
||
| 100 | _aCoulter Mary | ||
| 245 | 0 | _aManagement | |
| 260 |
_aUSA _c2005 |
||
| 300 | _a738 | ||
| 546 | _aEng. | ||
| 650 |
_aManagement _vIntroduction to Management and Organizations2.Mangement Yesterday and Today26 |
||
| 942 | _cBK | ||
| 999 |
_c1014 _d1014 |
||